000 00384cam a22001097a 4500
008 180718b1956 xxu||||| |||| 00| 0 eng d
082 _aT253 Un3
245 _aAutomation: a report
_cby Department of Scientific and Industrial Research, U.K.
260 _aLondon
_bHer Majesty's Stationery Office
_c1956
300 _a106+p
700 _aU.K. Department of Scientific and Industrial Research
999 _c423070
_d423070